[Event "La Pobla de Lillet op 33rd"]
[Site "La Pobla de Lillet"]
[Date "2024.08.10"]
[Round "9"]
[White "Mas Mestres, Jordi"]
[Black "Dea Ruiz, Jofre"]
[Result "0-1"]
[WhiteElo "1874"]
[BlackElo "1954"]
[PlyCount "110"]
[EventDate "2024.08.02"]
[EventType "swiss"]
[EventRounds "9"]
[EventCountry "ESP"]
[SourceTitle "CBM 221 Extra"]
[Source "ChessBase"]
[SourceDate "2024.09.30"]
[SourceVersion "1"]
[SourceVersionDate "2024.09.30"]
[SourceQuality "1"]

1. e4 c6 2. d4 d5 3. Nc3 dxe4 4. Nxe4 Bf5 5. Ng3 Bg6 6. h4 h6 7. Nf3 Nd7 8. h5 Bh7 9. Bd3 Bxd3 10. Qxd3 Qc7 11. Bd2 e6 12. Ne4 Ngf6 13. c4 c5 14. Nxf6+ Nxf6 15. Qe2 Be7 16. Bc3 cxd4 17. Nxd4 a6 18. 0-0-0 Rc8 19. b3 b5 20. Nxe6 fxe6 21. Qxe6 Qc6 22. Rhe1 Qxe6 23. Rxe6 Kf7 24. Rxa6 bxc4 25. b4 Ra8 26. Rc6 Rxa2 27. Rxc4 Rxf2 28. g4 Re2 29. Rf1 Rd8 30. Rc7 Ke8 31. g5 Nd5 32. gxh6 gxh6 33. Rc4 Nxc3 34. Rxc3 Bxb4 35. Rc6 Ra8 36. Kb1 Raa2 37. Rxh6 Reb2+ 38. Kc1 Bd2+ 39. Kd1 Ra1+ 40. Ke2 Bg5+ 41. Kd3 Bxh6 42. Rf6 Rh2 43. Rxh6 Rhh1 44. Rb6 Rxh5 45. Ke4 Rh4+ 46. Kf3 Raa4 47. Ke3 Rh3+ 48. Kf2 Ra2+ 49. Kg1 Rc3 50. Rb1 Rcc2 51. Rd1 Rg2+ 52. Kh1 Rgd2 53. Re1+ Kf7 54. Rc1 Rh2+ 55. Kg1 Rag2+ 0-1

[Event "La Pobla de Lillet op 33rd"]
[Site "La Pobla de Lillet"]
[Date "2024.08.06"]
[Round "5"]
[White "Chiva Perez, Ferran"]
[Black "Dea Ruiz, Jofre"]
[Result "1-0"]
[WhiteElo "2105"]
[BlackElo "1954"]
[PlyCount "49"]
[EventDate "2024.08.02"]
[EventType "swiss"]
[EventRounds "9"]
[EventCountry "ESP"]
[SourceTitle "CBM 221 Extra"]
[Source "ChessBase"]
[SourceDate "2024.09.30"]
[SourceVersion "1"]
[SourceVersionDate "2024.09.30"]
[SourceQuality "1"]

1. d4 d5 2. c4 e6 3. Nf3 Nf6 4. g3 Be7 5. Bg2 0-0 6. Qc2 b6 7. 0-0 Bb7 8. Ne5 c5 9. dxc5 Bxc5 10. Rd1 Qc7 11. Bf4 Bd6 12. Nc3 a6 13. cxd5 Nxd5 14. Bxd5 Bxd5 15. Rac1 Bb7 16. Na4 Qxc2 17. Rxc2 Bxe5 18. Bxe5 Be4 19. Rc7 Nc6 20. Bd6 Rfd8 21. Nc3 Bc2 22. Rd2 Nb4 23. a3 Nd5 24. Nxd5 Rxd6 25. Ne7+ 1-0

[Event "La Pobla de Lillet op 33rd"]
[Site "La Pobla de Lillet"]
[Date "2024.08.04"]
[Round "3"]
[White "Dea Ruiz, Jofre"]
[Black "Soler Bel, Josep"]
[Result "1-0"]
[WhiteElo "1954"]
[BlackElo "1916"]
[PlyCount "85"]
[EventDate "2024.08.02"]
[EventType "swiss"]
[EventRounds "9"]
[EventCountry "ESP"]
[SourceTitle "CBM 221 Extra"]
[Source "ChessBase"]
[SourceDate "2024.09.30"]
[SourceVersion "1"]
[SourceVersionDate "2024.09.30"]
[SourceQuality "1"]

1. d4 d5 2. c4 e6 3. Nc3 c6 4. cxd5 exd5 5. Bf4 Bd6 6. Bxd6 Qxd6 7. e3 Bf5 8. Bd3 Bxd3 9. Qxd3 Nf6 10. Nf3 Nbd7 11. 0-0 0-0 12. Rab1 a5 13. Qc2 Rfe8 14. a3 Ne4 15. b4 axb4 16. axb4 Nxc3 17. Qxc3 b5 18. Rfc1 Rec8 19. Ra1 Rxa1 20. Rxa1 Nb6 21. Ne5 f6 22. Nd3 Na4 23. Qb3 Qe7 24. Rc1 g6 25. Nf4 Qd7 26. g3 Kg7 27. Kg2 Nb6 28. Ra1 Nc4 29. Qd1 Qe7 30. Nd3 Qe4+ 31. Kg1 Rc7 32. Nc5 Qe7 33. Ra6 Kf7 34. Kg2 Ra7 35. Rxa7 Qxa7 36. Qg4 Qe7 37. Qc8 Qe8 38. Qc7+ Kg8 39. Qf4 Qe7 40. Qb8+ Kg7 41. Qc8 Kh6 42. Qxc6 Nd2 43. Qxd5 1-0

[Event "ESP-ch Catalunya U14"]
[Site "Cambrils"]
[Date "2024.03.28"]
[Round "9"]
[White "Alonso Gimenez, Mauro"]
[Black "Dea Ruiz, Jofre"]
[Result "1-0"]
[WhiteElo "1980"]
[BlackElo "1836"]
[PlyCount "79"]
[EventDate "2024.03.23"]
[EventType "swiss"]
[EventRounds "9"]
[EventCountry "ESP"]
[SourceTitle "EXT 2025"]
[Source "ChessBase"]
[SourceDate "2024.10.14"]
[SourceVersion "1"]
[SourceVersionDate "2024.10.14"]
[SourceQuality "1"]

1. e4 c6 2. Nc3 d5 3. Nf3 dxe4 4. Nxe4 Nf6 5. Qe2 Nxe4 6. Qxe4 Nd7 7. Bc4 Nf6 8. Ne5 e6 9. Qe2 b5 10. Bb3 Qc7 11. d4 Bd6 12. 0-0 0-0 13. c3 a6 14. Bc2 Nd5 15. Qd3 f5 16. f4 c5 17. Qe2 Rf6 18. a4 Rb8 19. axb5 axb5 20. Bb3 cxd4 21. cxd4 Bd7 22. Bd2 Rff8 23. Rac1 Qa7 24. Bxd5 exd5 25. Qf3 Bxe5 26. Qxd5+ Kh8 27. fxe5 Rfe8 28. Be3 Be6 29. Qf3 Qd7 30. Rcd1 Rbd8 31. Bg5 Rc8 32. d5 Bg8 33. Qxf5 Qa7+ 34. Kh1 Rf8 35. Qxf8 Rxf8 36. Rxf8 h6 37. d6 Qd7 38. Re1 Kh7 39. Rxg8 Kxg8 40. e6 1-0

[Event "ESP-ch Catalunya U14"]
[Site "Cambrils"]
[Date "2024.03.24"]
[Round "3"]
[White "Uber Gracia, Hugo"]
[Black "Dea Ruiz, Jofre"]
[Result "1-0"]
[WhiteElo "2237"]
[BlackElo "1836"]
[PlyCount "81"]
[EventDate "2024.03.23"]
[EventType "swiss"]
[EventRounds "9"]
[EventCountry "ESP"]
[SourceTitle "EXT 2025"]
[Source "ChessBase"]
[SourceDate "2024.10.14"]
[SourceVersion "1"]
[SourceVersionDate "2024.10.14"]
[SourceQuality "1"]

1. c4 c6 2. Nf3 d5 3. e3 Nf6 4. Nc3 dxc4 5. Bxc4 e6 6. 0-0 Bd6 7. d4 0-0 8. e4 Be7 9. Bf4 Nbd7 10. Qc2 Re8 11. Rad1 Qb6 12. Rd2 Nf8 13. h3 Ng6 14. Be3 Qc7 15. Rfd1 b5 16. Bb3 a6 17. a4 Rb8 18. axb5 axb5 19. Qd3 Ba6 20. Qb1 Red8 21. e5 Nd5 22. Ne4 Nxe3 23. fxe3 c5 24. Nxc5 Bxc5 25. Rc2 Qe7 26. Rxc5 Bb7 27. Rf1 Nh4 28. Nxh4 Qxh4 29. Qc2 Be4 30. Qe2 Qg3 31. Bc2 Bd5 32. Rf4 Qg5 33. Bd3 b4 34. Rc7 Rf8 35. Qf2 Qh5 36. Kh2 Ra8 37. Rh4 Qg5 38. Bxh7+ Kh8 39. Bg6+ Kg8 40. Bxf7+ Rxf7 41. Qxf7# 1-0

[Event "Corbins Lleida Nadal op"]
[Site "Corbins"]
[Date "2023.12.29"]
[Round "6"]
[White "Dea Ruiz, Jofre"]
[Black "Estruch Andreu, Guim"]
[Result "1-0"]
[WhiteElo "1603"]
[BlackElo "1891"]
[PlyCount "117"]
[EventDate "2023.12.27"]
[EventType "swiss"]
[EventRounds "8"]
[EventCountry "ESP"]
[SourceTitle "CBM 218 Extra"]
[Source "ChessBase"]
[SourceDate "2024.03.31"]
[SourceVersion "1"]
[SourceVersionDate "2024.03.31"]
[SourceQuality "1"]

1. d4 d5 2. c4 c6 3. Nc3 e6 4. Nf3 Nf6 5. Bg5 h6 6. Bh4 Be7 7. e3 Nbd7 8. cxd5 exd5 9. Bd3 0-0 10. Qc2 Re8 11. 0-0 Ne4 12. Bxe7 Qxe7 13. Ne2 Ndf6 14. h3 Bf5 15. Ne5 Bh7 16. a3 Rac8 17. b4 Nd6 18. Bxh7+ Nxh7 19. Rfd1 Ng5 20. Nf4 Nge4 21. Qb3 g5 22. Nfd3 f6 23. Nf3 Kh8 24. Nc5 h5 25. Nxe4 Nxe4 26. Nh2 Qg7 27. Qc2 g4 28. hxg4 hxg4 29. g3 f5 30. Kg2 Re6 31. Rh1 Rh6 32. Nxg4 Rxh1 33. Rxh1+ Kg8 34. Ne5 Qg5 35. Qe2 Nf6 36. Rh4 Rc7 37. Qf1 Rh7 38. Rxh7 Kxh7 39. b5 Ng4 40. Nxg4 fxg4 41. bxc6 bxc6 42. Qa6 Qf6 43. Qxa7+ Kg6 44. Qc7 Qf3+ 45. Kg1 Qd1+ 46. Kh2 Qc2 47. Qf4 Kh7 48. Kg2 Qd1 49. Qc7+ Kh8 50. Qxc6 Qf3+ 51. Kg1 Qe4 52. Qc8+ Kg7 53. Qc7+ Kg8 54. Qc1 Qe8 55. Qc2 Qd7 56. a4 Kg7 57. a5 Kf6 58. a6 Kg5 59. Qa2 1-0

[Event "Corbins Lleida Nadal op"]
[Site "Corbins"]
[Date "2023.12.28"]
[Round "4"]
[White "Dea Ruiz, Jofre"]
[Black "Galstyan, David"]
[Result "1/2-1/2"]
[WhiteElo "1603"]
[BlackElo "2081"]
[PlyCount "135"]
[EventDate "2023.12.27"]
[EventType "swiss"]
[EventRounds "8"]
[EventCountry "ESP"]
[SourceTitle "CBM 218 Extra"]
[Source "ChessBase"]
[SourceDate "2024.03.31"]
[SourceVersion "1"]
[SourceVersionDate "2024.03.31"]
[SourceQuality "1"]

1. d4 Nf6 2. c4 g6 3. Nc3 Bg7 4. e4 d6 5. h3 0-0 6. Be3 Na6 7. Nf3 c5 8. d5 e6 9. a3 exd5 10. exd5 Re8 11. Be2 Bf5 12. 0-0 Ne4 13. Nxe4 Bxe4 14. Qd2 Nc7 15. Bh6 Bxh6 16. Qxh6 Bxf3 17. Bxf3 b5 18. b3 Qf6 19. Qd2 a5 20. a4 b4 21. Rfe1 Rxe1+ 22. Rxe1 Re8 23. Rxe8+ Nxe8 24. Qe3 Qe5 25. Qxe5 dxe5 26. Bd1 Nd6 27. Bc2 f5 28. Kf1 Kg7 29. Ke2 Kf6 30. Ke3 e4 31. f3 exf3 32. Kxf3 Ke5 33. Ke3 Nf7 34. g3 Ng5 35. h4 Nf7 36. Bd3 Nd6 37. Bc2 Ne8 38. Bd1 Nf6 39. Bf3 h6 40. Kd3 Ne8 41. Ke3 Nd6 42. Kd3 g5 43. hxg5 hxg5 44. Ke3 f4+ 45. gxf4+ gxf4+ 46. Kd3 Nf5 47. Bd1 Ne7 48. Ke2 Ke4 49. Bc2+ Kd4 50. Kf3 Kc3 51. Bd1 Kd2 52. Be2 Kc2 53. Kxf4 Kxb3 54. Ke5 Nc8 55. d6 Kc3 56. Bf3 Nxd6 57. Kxd6 Kxc4 58. Kc6 b3 59. Bd5+ Kb4 60. Bxb3 Kxb3 61. Kxc5 Kxa4 62. Kc4 Ka3 63. Kc3 a4 64. Kc2 Ka2 65. Kc1 a3 66. Kc2 Ka1 67. Kc1 a2 68. Kc2 1/2-1/2

[Event "ESP-ch U12"]
[Site "Salobrena"]
[Date "2023.07.14"]
[Round "8"]
[White "Dea Ruiz, Jofre"]
[Black "Rodriguez Serrano, Samuel"]
[Result "1-0"]
[WhiteElo "1623"]
[BlackElo "1261"]
[PlyCount "30"]
[EventDate "2023.07.10"]
[EventType "swiss"]
[EventRounds "9"]
[EventCountry "ESP"]
[SourceTitle "EXT 2024"]
[Source "ChessBase"]
[SourceDate "2023.10.10"]
[SourceVersion "1"]
[SourceVersionDate "2023.10.10"]
[SourceQuality "1"]

1. d4 e6 2. Nf3 f5 3. Bf4 Nf6 4. e3 b6 5. Bd3 Bb7 6. Nbd2 Be7 7. c3 Ne4 8. h3 0-0 9. Qc2 Nxd2 10. Qxd2 d5 11. 0-0-0 Nd7 12. g4 fxg4 13. hxg4 Nf6 14. Ng5 Ne4 15. Bxe4 Bxg5 1-0

[Event "ESP-ch U12"]
[Site "Salobrena"]
[Date "2023.07.12"]
[Round "5"]
[White "Dea Ruiz, Jofre"]
[Black "Zhang, Ying Jr Xiong"]
[Result "0-1"]
[WhiteElo "1623"]
[BlackElo "1412"]
[PlyCount "62"]
[EventDate "2023.07.10"]
[EventType "swiss"]
[EventRounds "9"]
[EventCountry "ESP"]
[SourceTitle "EXT 2024"]
[Source "ChessBase"]
[SourceDate "2023.10.10"]
[SourceVersion "1"]
[SourceVersionDate "2023.10.10"]
[SourceQuality "1"]

1. d4 Nf6 2. c4 e6 3. Nc3 d5 4. cxd5 Nxd5 5. e4 Nxc3 6. bxc3 c5 7. Nf3 Nd7 8. Bd2 Be7 9. Bd3 cxd4 10. cxd4 Nf6 11. 0-0 0-0 12. Qe2 Bd7 13. e5 Nd5 14. Qe4 g6 15. Bh6 Re8 16. Qg4 f5 17. Qg3 Bf8 18. Bg5 Be7 19. h4 Bxg5 20. hxg5 Qe7 21. Kh2 Rf8 22. Rh1 Bc6 23. Kg1 Rf7 24. Qh2 Qa3 25. Rd1 Ba4 26. Rd2 Nb4 27. Bf1 Qc1 28. Re2 Nc2 29. Rd2 Ne1 30. Re2 Nxf3+ 31. gxf3 Bb5 0-1

[Event "ESP-ch U12"]
[Site "Salobrena"]
[Date "2023.07.11"]
[Round "3"]
[White "Dea Ruiz, Jofre"]
[Black "Calvo Miguez, Sergio"]
[Result "0-1"]
[WhiteElo "1623"]
[BlackElo "1295"]
[PlyCount "91"]
[EventDate "2023.07.10"]
[EventType "swiss"]
[EventRounds "9"]
[EventCountry "ESP"]
[SourceTitle "EXT 2024"]
[Source "ChessBase"]
[SourceDate "2023.10.10"]
[SourceVersion "1"]
[SourceVersionDate "2023.10.10"]
[SourceQuality "1"]

1. d4 Nf6 2. c4 g6 3. Nc3 Bg7 4. e4 d6 5. h3 0-0 6. Be3 e5 7. d5 Nh5 8. Qc2 a6 9. g3 f5 10. Be2 Nf6 11. Nf3 fxe4 12. Nxe4 Nxe4 13. Qxe4 Bf5 14. Qh4 Qxh4 15. Nxh4 Bd7 16. Rd1 a5 17. g4 Na6 18. 0-0 Nb4 19. a3 Nc2 20. Ng2 b6 21. Bd3 Nxe3 22. Nxe3 Rae8 23. Be4 Rf4 24. f3 Bh6 25. Ng2 Rff8 26. h4 Re7 27. g5 Bg7 28. Ra1 Bf5 29. b4 a4 30. Ra2 Ref7 31. Raf2 h6 32. b5 hxg5 33. hxg5 Kh7 34. Nh4 Bxe4 35. fxe4 Rxf2 36. Rxf2 Rf4 37. Rh2 Rxe4 38. Nf5+ Kg8 39. Nh4 Rxc4 40. Nxg6 Rc1+ 41. Kg2 Rc2+ 42. Kg3 Rxh2 43. Kxh2 e4 44. Nf4 Be5 45. Kg3 e3 46. Kf3 0-1

[Event "ESP-ch U12"]
[Site "Salobrena"]
[Date "2023.07.10"]
[Round "1"]
[White "Dea Ruiz, Jofre"]
[Black "Xia, Yan"]
[Result "1-0"]
[WhiteElo "1623"]
[BlackElo "1220"]
[PlyCount "77"]
[EventDate "2023.07.10"]
[EventType "swiss"]
[EventRounds "9"]
[EventCountry "ESP"]
[SourceTitle "EXT 2024"]
[Source "ChessBase"]
[SourceDate "2023.10.10"]
[SourceVersion "1"]
[SourceVersionDate "2023.10.10"]
[SourceQuality "1"]

1. d4 Nf6 2. c4 g6 3. Nc3 d5 4. Bg5 Bg7 5. e3 e6 6. cxd5 exd5 7. Bd3 c5 8. dxc5 h6 9. Bh4 Nc6 10. a3 b6 11. Bb5 Bb7 12. Nf3 g5 13. Bg3 bxc5 14. Qa4 Qb6 15. Ne5 Rc8 16. Rd1 0-0 17. Nxc6 Bxc6 18. Bxc6 Rxc6 19. Be5 d4 20. exd4 Re6 21. 0-0 Qxb2 22. Nb5 a6 23. Nc7 Rxe5 24. dxe5 Qxe5 25. Nxa6 Ra8 26. Qc6 Re8 27. Qxc5 Qe2 28. Nb4 Nh5 29. Qc2 Qe6 30. Qd2 Qg4 31. h3 Qc4 32. Qd3 Qf4 33. Qf3 Qxf3 34. gxf3 Nf4 35. Rfe1 Nxh3+ 36. Kh2 Rxe1 37. Rxe1 Bc3 38. Re8+ Kg7 39. Kxh3 1-0

[Event "Vallfogona de Balaguer Farre Mem 2nd"]
[Site "Vallfogona de Balaguer"]
[Date "2023.04.29"]
[Round "3"]
[White "Bosch Carrera, Laia"]
[Black "Dea Ruiz, Jofre"]
[Result "0-1"]
[WhiteElo "1561"]
[BlackElo "1598"]
[PlyCount "90"]
[EventDate "2023.04.15"]
[EventType "swiss"]
[EventRounds "8"]
[EventCountry "ESP"]
[SourceTitle "EXT 2024"]
[Source "ChessBase"]
[SourceDate "2023.10.10"]
[SourceVersion "1"]
[SourceVersionDate "2023.10.10"]
[SourceQuality "1"]

1. d4 d5 2. c4 dxc4 3. g3 e5 4. dxe5 Qxd1+ 5. Kxd1 Nc6 6. Nf3 Bg4 7. Nbd2 0-0-0 8. Kc2 Re8 9. Nxc4 Bxf3 10. exf3 Nxe5 11. Nxe5 Rxe5 12. Bf4 Rc5+ 13. Kb3 Rc6 14. Bh3+ Kd8 15. Rad1+ Bd6 16. Rd2 Nf6 17. Rhd1 Ne8 18. Bg2 Rb6+ 19. Kc2 h6 20. Kb1 Ra6 21. Bf1 Rb6 22. Be3 Rb4 23. Bc5 Ra4 24. Bb5 Ra5 25. Bxe8 Rxc5 26. Bxf7 Rf8 27. Bd5 Kc8 28. Rd4 b6 29. Ra4 a5 30. Rg4 g5 31. h4 Be7 32. hxg5 hxg5 33. Be6+ Kb8 34. Rd7 Bd6 35. Rf7 Rh8 36. a3 Rh2 37. Ka2 Rxf2 38. Bb3 Re5 39. f4 Ree2 40. fxg5 Rxb2+ 41. Ka1 Rh2 42. Bc4 Be5 43. Rf8+ Kb7 44. Rf1 Rb5+ 45. Rd4 Bxd4# 0-1

[Event "ESP-ch U10"]
[Site "Salobrena"]
[Date "2021.06.29"]
[Round "3"]
[White "Dea Ruiz, Jofre"]
[Black "Garcia Rodriguez, Adriana"]
[Result "0-1"]
[WhiteElo "1344"]
[BlackElo "1088"]
[PlyCount "42"]
[EventDate "2021.06.28"]
[EventType "swiss"]
[EventRounds "9"]
[EventCountry "ESP"]
[SourceTitle "EXT 2022"]
[Source "ChessBase"]
[SourceDate "2021.10.06"]
[SourceVersion "1"]
[SourceVersionDate "2021.10.06"]
[SourceQuality "1"]

1. d4 d5 2. c4 c6 3. Nf3 Bf5 4. g3 Nf6 5. Bg2 e6 6. 0-0 Nbd7 7. Nbd2 Bd6 8. b3 h6 9. Nh4 Bh7 10. Bb2 Qe7 11. Re1 Ba3 12. Bxa3 Qxa3 13. e4 0-0 14. e5 Ne8 15. Nhf3 f6 16. exf6 Rxf6 17. Bh3 Nc7 18. Ne5 Nxe5 19. Rxe5 Qb2 20. Qc1 Qxd4 21. Nf3 Rxf3 0-1